Andrée Corvol-Dessert, (dir.), Les Forêts d’Occident du Moyen Âge à nos jours. Actes des xxive Journées internationales d’Histoire de l’Abbaye de Flaran (6-8 septembre 2002), Toulouse, Presses universitaires du Mirail, 2004, 302 p., 28 €, isbn 2858167176 (notice n° 1585309)
[ vue normale ]
| 000 -LEADER | |
|---|---|
| fixed length control field | 00718cam a2200145 4500500 |
| 005 - DATE AND TIME OF LATEST TRANSACTION | |
| control field | 20251228053400.0 |
| 041 ## - LANGUAGE CODE | |
| Language code of text/sound track or separate title | fre |
| 042 ## - AUTHENTICATION CODE | |
| Authentication code | dc |
| 100 10 - MAIN ENTRY--PERSONAL NAME | |
| Personal name | Vue, Blandine |
| Relator term | author |
| 245 00 - TITLE STATEMENT | |
| Title | Andrée Corvol-Dessert, (dir.), Les Forêts d’Occident du Moyen Âge à nos jours. Actes des xxive Journées internationales d’Histoire de l’Abbaye de Flaran (6-8 septembre 2002), Toulouse, Presses universitaires du Mirail, 2004, 302 p., 28 €, isbn 2858167176 |
| 260 ## - PUBLICATION, DISTRIBUTION, ETC. | |
| Date of publication, distribution, etc. | 2005.<br/> |
| 500 ## - GENERAL NOTE | |
| General note | 1 |
| 786 0# - DATA SOURCE ENTRY | |
| Note | Histoire & Sociétés Rurales | 24 | 2 | 2005-10-01 | p. 171q-276q | 1254-728X |
| 856 41 - ELECTRONIC LOCATION AND ACCESS | |
| Uniform Resource Identifier | <a href="https://shs.cairn.info/revue-histoire-et-societes-rurales-2005-2-page-171q?lang=fr&redirect-ssocas=7080">https://shs.cairn.info/revue-histoire-et-societes-rurales-2005-2-page-171q?lang=fr&redirect-ssocas=7080</a> |
Pas d'exemplaire disponible.




Réseaux sociaux